| 000 | 01131cam a2200373 a 4500 | ||
|---|---|---|---|
| 001 | 684771 | ||
| 005 | 20170105102939.0 | ||
| 008 | 881005s1988 nyua b 001 0deng | ||
| 010 | _a 88004707 | ||
| 020 | _a0195043677 (alk. paper) | ||
| 020 | _a0195064720 (pb) | ||
| 035 | _a(OCoLC)17676678 | ||
| 035 | _a(OCoLC)ocm17676678 | ||
| 035 | _a(CStRLIN)NYCG88-B71119 | ||
| 035 | _a(NNC)684771 | ||
| 040 |
_dPU _dNNC |
||
| 043 | _an-us-ms | ||
| 050 | 0 |
_aE185.93.M6 _bM28 1988 |
|
| 082 | 0 |
_a976.2 _219 _bMCA 1988 |
|
| 090 |
_aE185.93.M6 _bM28 1988 |
||
| 100 | 1 | _aMcAdam, Doug. | |
| 245 | 1 | 0 |
_aFreedom Summer / _cDoug McAdam. |
| 260 |
_aNew York : _bOxford University Press, _c1988. |
||
| 300 |
_ax, 333 p. : _bill. ; _c24 cm. |
||
| 500 | _aIncludes index. | ||
| 504 | _aBibliography: p. 311-322. | ||
| 610 | 2 | 0 | _aMississippi Freedom Project. |
| 650 | 0 |
_aAfrican Americans _xSuffrage _zMississippi. |
|
| 650 | 0 |
_aCivil rights workers _zMississippi _xHistory _y20th century. |
|
| 650 | 0 |
_aAfrican Americans _xCivil rights _zMississippi. |
|
| 651 | 0 |
_aMississippi _xRace relations. |
|
| 942 |
_2ddc _cBK |
||
| 999 |
_c16395 _d16395 |
||